000
00244nam a22000977a 4500
008
231219b |||||||| |||| 00| 0 eng d
020
_a
9788177394160
100
_a
Aggarwal
245
_a
New Learning Mathematics-VIII
260
_a
New Delhi
_b
Avichal
999
_c
12529
_d
12529